Welcome to the Holygrace Academy Library

Please use search bar below to get started

KOMALA (Record no. 6787)

MARC details
000 -LEADER
fixed length control field 00624nam a22001457a 4500
020 ## - INTERNATIONAL STANDARD BOOK NUMBER
ISBN 978-81-264-1895-4
082 ## - DEWEY DECIMAL CLASSIFICATION NUMBER
Classification number 894.812.3
Item number ECH/S
100 ## - MAIN ENTRY--AUTHOR NAME
Personal name ECHIKKANAM, SANTHOSH
245 ## - TITLE STATEMENT
Title KOMALA
260 ## - PUBLICATION, DISTRIBUTION, ETC. (IMPRINT)
Place of publication KOTTAYAM
Name of publisher DC BOOKS
Year of publication 2023
300 ## - PHYSICAL DESCRIPTION
Number of Pages 83
520 ## - SUMMARY, ETC.
Summary, etc In Komala Santhosh Echikanam recount a common man named Kundoor Viswan, who had been a surety to get 50,000 rupees from Velloor Service Sahakarana Bank for his childhood friend Sudakaran. Later, the gullible Viswan came to know that the amout accumulated to 90,345 and Sudakaran did not paid a single installment ...
650 ## - SUBJECT ADDED ENTRY--TOPICAL TERM
Topical Term MALAYALAM STORY
942 ## - ADDED ENTRY ELEMENTS (KOHA)
Koha item type Books
Holdings
Withdrawn status Lost status Collection code Home library Current library Shelving location Date acquired Source of acquisition Cost, normal purchase price Full call number Accession Number Koha item type
    Fiction Main Library Main Library NEW SHELF WITH NEW ENTRY 27/09/2023 Purchase 120.00 894.812.3 ECH/S 12859 Books